The international politics of the Asia-Pacific, 1945-1995

Đã lưu trong:
Chi tiết về thư mục
Tác giả chính: Yahuda, Michael (Tác giả)
Định dạng: Sách
Ngôn ngữ:Tiếng Anh
Được phát hành: Nueva York Routledge 1996
Những chủ đề:
Các nhãn: Thêm thẻ
Không có thẻ, Là người đầu tiên thẻ bản ghi này!

MARC

LEADER 00000nam a2200000 a 4500
001 UCT5078
003 CL-VaPUC
008 961129e19960000US |||||||||||||||||eng|d
082 0 4 |a 327  |b YAH  |2 21 
100 0 |a Yahuda, Michael  |e author  |9 374354 
245 1 4 |a The international politics of the Asia-Pacific, 1945-1995 
300 |a 298 p 
942 |c BK 
945 |d 19961129 00:00:00  |a rleighto 
260 |a Nueva York  |b Routledge  |c 1996 
650 0 |a Política internacional  |9 255813 
650 0 |a Guerra Fría   |9 319648 
650 0 |a Relaciones Internacionales  |9 255740 
651 0 |a Estados Unidos  |9 255178 
651 0 |a Unión Soviética  |9 256769 
651 0 |a China   |9 257545 
651 0 |a Japón   |9 260391 
583 |a last modification  |c 19961129 00:00:00  |k Rodrigo Vera 
999 |c 254099  |d 254097 
952 |0 0  |1 0  |4 0  |6 327_000000000000000_YAH_1996  |7 0  |8 A  |9 275492  |a BIBHIS  |b BIBHIS  |d 2019-11-19  |i 3255204  |o 327 YAH 1996  |p 3255204  |r 2025-01-20  |w 2019-11-19  |y BK  |k HIS 
952 |0 0  |1 0  |4 0  |6 327_000000000000000_YAH_1996  |7 0  |8 A  |9 275493  |a BIBGIM  |b BIBGIM  |d 2019-11-19  |i 3291472  |o 327 YAH 1996  |p 3291472  |r 2025-01-15  |w 2019-11-19  |y BK  |k ORI